NFL QUIZ 1 - Statistics

General Stats
  • This quiz has been taken 41 times
  • The average score is 5 of 10
Answer Stats
Hint Answer % Correct
"GOAT" Tom Brady
100%
The name of the quarterback who led the "Greatest Show On Turf" Kurt Warner
70%
Which teams both have the most superbowl wins? Patriots and Steelers
60%
Most MVP's By a player Peyton Manning
57%
CB with the Nickname "_____ Island" Darrelle Revis
47%
Player with the nickname "Cool" Joe Montana
47%
Which team did Joe Montana play for after the 49ers Kansas City Chiefs
47%
What college did Drew Brees attend? Purdue
40%
What player has the most indivudal superbowl rings besides Tom Brady Charles Haley
10%
Announcer known for his lack of enthusiasm Joe Buck
10%
No matching quizzes found
Score Distribution
Percent of People with Each Score
Percentile by Number Answered
Your Score History
You have not taken this quiz